Click to Translate - Malagasy - Statistics

General Stats
  • This quiz has been taken 205 times
  • The average score is 6 of 20
Answer Stats
Hint Answer % Correct
He Izy
45%
Yes Eny
41%
Tea Dite
37%
Mountain Tendrombohitra
35%
Chair Seza
33%
Ten Folo
32%
Thursday Alakamisy
31%
Where Aiza
29%
Meat Hena
28%
Yellow Mavo
27%
Garden Zaridaina
27%
Goodbye Veloma
26%
Expensive Lafo
25%
Woman Vehivavy
25%
Hot Mafana
24%
Foot Tongotra
24%
House Trano
24%
Bird Vorona
24%
Wednesday Alarobia
22%
Yesterday Omaly
22%
No matching quizzes found
Score Distribution
Percent of People with Each Score
Percentile by Number Answered
Your Score History
You have not taken this quiz